000 00297nam a22001097a 4500
008 170106b xxu||||| |||| 00| 0 eng d
020 _a9780683303520
041 _aeng
080 _25TH
_a618.2
245 _aPRINCIPLES OF AMBULATORY MEDICINE
_cBARKER, L.R & BURTON, J.R & ZIEVE, P.D
942 _2udc
_cBK
999 _c2595
_d2595